Albert´s Victoria

में बचाया:
ग्रंथसूची विवरण
मुख्य लेखक: Whittle, Tyler
स्वरूप: पुस्तक
भाषा:Undetermined
प्रकाशित: New York, Estados Unidos A Warner Communications company 1973
संस्करण:3
विषय:
टैग: टैग जोड़ें
कोई टैग नहीं, इस रिकॉर्ड को टैग करने वाले पहले व्यक्ति बनें!

MARC

LEADER 00000nam a2200000Ia 4500
008 170316s9999 xx 000 0 und d
999 |c 28852  |d 28852 
040 |a cru BVZT 
090 |a F-810 W-5a 
100 |a Whittle, Tyler 
245 |a Albert´s Victoria 
250 |a 3 
260 |a New York, Estados Unidos 
260 |b A Warner Communications company 
260 |c 1973 
300 |a 317 páginas 
650 |a LITERATURA ESTADOUNIDENSE  |9 25 
650 |a FICCIÓN  |9 26 
650 |a EN IDIOMA INGLÉS  |9 129 
650 |a NOVELA  |9 13 
942 |c 15 D  |h F-810 W-5a  |2 z